Quelle image montre... ? - Histoire de France - Statistiques

Statistiques générales
  • Ce quiz a été pris 829 fois
  • Le résultat moyen est 9 sur 15
Statistiques - réponses
Question Réponse % Correct
Un président de la Vème République ?
90%
L'armée française pendant la Première Guerre mondiale ?
89%
Une invention française ?
80%
Un allié de la France par la Triple-Entente ?
79%
Une bataille napoléonienne ?
62%
Le discours du Général de Gaulle à Alger ?
59%
Une personne qui fut Premier ministre sous deux présidents différents ?
58%
Un portrait de Marie-Antoinette ?
57%
Un épisode lié à Clovis ?
51%
Une région actuelle où s'est déroulée la chouannerie ?
48%
Un évènement du XXe siècle ?
47%
Une personne guillotinée par les révolutionnaires ?
46%
Un Roi qui ne se prénomme pas Louis ?
43%
Un drapeau ou une bannière qui n'a jamais été utilisé(e) par la France ?
30%
Une ancienne capitale de la France ?
12%
Aucun quiz correspondant
Distribution des résultats
% des personnes avec chaque résultat
Percentile par nombre de réponses
Votre historique - résultats
Vous n’avez pas pris ce quiz